000 00256nam a22001217a 4500
008 170829b xxu||||| |||| 00| 0 eng d
041 _aeng
080 _24 ED
_a070
100 _a39
101 _aMED
245 _aMEDIA NOW
_cLAROSE.S
942 _2udc
_cBK
999 _c25362
_d25362